<?xml version="1.0" encoding="UTF-8"?>
<collection xmlns="http://www.loc.gov/MARC21/slim">
 <record>
  <leader>01753nam a22002177a 4500</leader>
  <controlfield tag="001">NCT_4_009613</controlfield>
  <controlfield tag="008">240617b        xxu||||| |||| 00| 0 vie d</controlfield>
  <datafield tag="999" ind1=" " ind2=" ">
   <subfield code="c">8423</subfield>
   <subfield code="d">8423</subfield>
  </datafield>
  <datafield tag="020" ind1=" " ind2=" ">
   <subfield code="c">240000</subfield>
   <subfield code="a">9786043845709</subfield>
  </datafield>
  <datafield tag="082" ind1="0" ind2="4">
   <subfield code="2">23rd ed.</subfield>
   <subfield code="a">616.89</subfield>
   <subfield code="b">M312</subfield>
  </datafield>
  <datafield tag="100" ind1="1" ind2=" ">
   <subfield code="a">Đặng Hoàng Minh</subfield>
   <subfield code="e">Chủ biên</subfield>
  </datafield>
  <datafield tag="245" ind1="1" ind2="0">
   <subfield code="a">Tâm bệnh học</subfield>
   <subfield code="c">Đặng Hoàng Minh (Chủ biên) ; Hồ Thu Hà, Bahr Weiss</subfield>
  </datafield>
  <datafield tag="260" ind1=" " ind2=" ">
   <subfield code="a">H.</subfield>
   <subfield code="b">Đại học Quốc gia Hà Nội</subfield>
   <subfield code="c">2023</subfield>
  </datafield>
  <datafield tag="300" ind1=" " ind2=" ">
   <subfield code="a">579 tr.</subfield>
   <subfield code="c">24cm</subfield>
   <subfield code="b">minh họa</subfield>
  </datafield>
  <datafield tag="520" ind1="3" ind2=" ">
   <subfield code="a">Quyển sách này cung cấp một cái nhìn toàn diện về các vấn đề cơ bản trong lĩnh vực tâm lý học, bao gồm các mô hình lâm sàng và lý thuyết về tâm bệnh học. Ngoài ra, nó đi sâu vào các chủ đề như rối loạn lo âu, rối loạn ám ảnh cưỡng bức và các rối loạn tâm lý liên quan khác. Đặc biệt, sách còn thảo luận về các ảnh hưởng của stress và sang chấn tâm lý, mở rộng hiểu biết về cách những yếu tố này có thể ảnh hưởng đến sức khỏe tâm lý của con người. Đây là tài liệu hữu ích không chỉ cho các chuyên gia tâm lý học mà còn cho những ai quan tâm đến sức khỏe tâm trí và tâm lý của mình.</subfield>
  </datafield>
  <datafield tag="653" ind1=" " ind2=" ">
   <subfield code="a">Y Đa khoa</subfield>
  </datafield>
  <datafield tag="700" ind1="1" ind2=" ">
   <subfield code="a">Hồ Thu Hà</subfield>
  </datafield>
  <datafield tag="700" ind1="1" ind2=" ">
   <subfield code="a">Weiss, Bahr</subfield>
  </datafield>
  <datafield tag="942" ind1=" " ind2=" ">
   <subfield code="2">ddc</subfield>
   <subfield code="c">BK</subfield>
  </datafield>
  <datafield tag="952" ind1=" " ind2=" ">
   <subfield code="0">0</subfield>
   <subfield code="1">0</subfield>
   <subfield code="2">ddc</subfield>
   <subfield code="4">0</subfield>
   <subfield code="6">616_890000000000000_M312</subfield>
   <subfield code="7">0</subfield>
   <subfield code="9">29075</subfield>
   <subfield code="a">000001</subfield>
   <subfield code="b">000001</subfield>
   <subfield code="d">2024-06-17</subfield>
   <subfield code="o">616.89 M312</subfield>
   <subfield code="p">MD.22490</subfield>
   <subfield code="r">2024-06-17</subfield>
   <subfield code="v">240000.00</subfield>
   <subfield code="w">2024-06-17</subfield>
   <subfield code="y">BK</subfield>
  </datafield>
  <datafield tag="980" ind1=" " ind2=" ">
   <subfield code="a">Thư viện Trường Đại học Nam Cần Thơ</subfield>
  </datafield>
 </record>
</collection>
